English City Name Endings - Statistics

General Stats
  • This quiz has been taken 108 times
    88 since last reset
  • The average score is 13 of 25
Answer Stats
Hint Answer % Correct
Manchester
91%
They end with 'hampton': Southampton
87%
Leicester
83%
Portsmouth
77%
They end with 'chester': Chester
73%
They end with 'mouth': Plymouth
68%
Oxford
63%
They end with 'field': Sheffield
62%
Worcester
62%
Winchester
58%
They end with 'cester': Gloucester
55%
They end with 'ford': Bradford
51%
Hereford
46%
It ends with 'o': Truro
46%
Wolverhampton
46%
Derby
44%
Chichester
38%
Coventry
32%
Ely
32%
Chelmsford
29%
They end with 'y': Canterbury
28%
Wakefield
26%
Salisbury
19%
Lichfield
18%
Salford
18%
No matching quizzes found
Score Distribution
Percent of People with Each Score
Percentile by Number Answered
Your Score History
You have not taken this quiz since the last reset